000
00315pam a2200133 a 4500
020
_c
041
_h
082
_a
751.422
_b
KIN
100
_a
Julik King.
245
_a
How to Paint flowers in water colour
_h
Textual Documents
260
_a
[s.l]:
_b
Search press,
_c
2013.
300
_a
64:
_b
paper.
930
_a
7447
999
_c
241237
_d
241237